Quizzes
Events
Quiz Creation
Community
Videos
Private Events
Remove Ads
Sign In
Join for FREE
Feedback
Dark Mode
Quiz Categories
Sports
Geography
Music
Movies
Television
Just For Fun
Miscellaneous
History
Literature
Language
Science
Gaming
Entertainment
Religion
Holiday
For Kids
Quiz Lab
Recent
Popular Today
Quiz Kudos Today
Editor Picks
Curator Picks
Quizzes by...
Day
Popularity
Type
Ratings
Length
Year
Community
Subscriptions
Recent Discussions
Orange Saloon
Badges
Playlists
Quests
Create
Leaderboards
Showdown
Live 5
Trivia Bingo
Activity
Puzzle Library
Sporcle Events
Private Events
Virtual Trivia
Globe League
Become a Host
Pub Owners
SporcleCon
Opinionation
Our Games
Videos
Blog
Mobile Apps
Partnerships
Remove Ads and Go Orange
Feedback
Literature
Harry Potter
A Song of Ice and Fire
The Hunger Games
Literary Character
Shakespeare
Book
Author
Novel
Poem
Young Adult
Children's Books
Play
Lord of the Rings
Literature
Harry Potter
A Song of Ice and Fire
The Hunger Games
Literary Character
Shakespeare
Book
Author
Novel
Poem
Young Adult
Children's Books
Play
Lord of the Rings
Random Quiz
Search Sporcle
×
Quiz Lab
Quiz Lab
Literature
poirot
Type in answers that appear in a list
Type in answers that appear in a list
Classic
Best Score? Go Orange.
Hastings narrates Poirot Stats
Can you name all the Hercule Poirot mystery novels narrated by Captain Arthur Hastings?
By
Gustav_Jandausch
2m
8 Questions
237 Plays
237 Plays
237 Plays
Comments
Comments
Give Quiz Kudos
Give Quiz Kudos
-
- Ratings
hide this ad
Replay
Link that replays current quiz
Next Quiz
Link to next quiz in quiz playlist
You Got
0%
They Got
Avg Score
67%
Avg Friend Score
Upgrade to see
Score Distribution
Jump to the score distribution portion of the page
Score
0/8
Timer
02:00
0
Plays Today
Novel
% Correct
The Mysterious Affair at Styles
88.2%
The Murder on the Links
81%
Curtain: Poirot's Last Case
80.6%
The ABC Murders
67.5%
The Big Four
65.4%
Peril at End House
58.2%
Lord Edgware Dies
51.9%
Dumb Witness
49.4%
Quiz Playlist
Details
Report
Send in Message
Add To Playlist
Classic:
Type in answers that appear in a list
Last Updated: Feb 14, 2018
Quiz Scoreboard
CHALLENGE
Sign Up to Join the Scoreboard
Show All
Scores
Hide
Comments
May contain spoilers
Recently Published
Decade Duel: World Leaders
by jenniferyan
History
4m
Alphabetical 'K' Countries by Flag Minefield
by ylime102
Geography
3m
Pick 6: Fruits
by JohnFran
Miscellaneous
15s
More to Explore
Quiz From the Vault
Featured Blog Post
15 Basketball Trivia Facts You Can Be March Mad About
hide this ad
You Might Also Like...
Tags
Agatha
Agatha Christie
Hercule Poirot
poirot
Poirot Novels
Today's Top Quizzes in Literature
Browse Literature
hide this ad
Top Contributed Quizzes in Literature
1
Season Plays
2
Pick 3: Harry Potter Hogwarts Quidditch Players
3
Harry Potter Characters: Logic Puzzle
4
Hogwarts Midnight Escape
5
Word Ladder: King's 'The Stand'
6
Harry Potter logic puzzle: Triwizard Tournament
7
Spring Reading List
8
Literature Acrostic Puzzle
9
Criteria Quiz: Harry Potter Gryffindors
10
4-to-1 Blitz: Harry Potter
Explore More
Trending Topics
Harry Potter
Disney
Crossword
NBA
Anime
Kpop
Marvel
Country
Soccer
Song
NFL
Pokémon
WWE
Puzzle
The Office
hide this ad
More By:
Gustav_Jandausch
Quiz
Plays
Rating
Category
Featured
Created
Olympics Badminton Champions
463
3.50
Sports
Feb 6, 2018
6 to 1: Denmark
305
4.00
Geography
Feb 16, 2018
Country, Capital and Biggest Island of Nordic Countries
279
3.00
Geography
Oct 15, 2015
Hastings narrates Poirot
237
5.00
Literature
Feb 14, 2018
European Men’s Team Badminton Championships
227
4.00
Sports
Feb 12, 2018
Go to Creator's Profile
Score Distribution
Quiz Creator Spotlight
Gustav_Jandausch
Follow
Send a Message
Quizzes Created
-
Created Quiz Play Count
-
More By This Creator
Popular Quizzes Today
1
Countries of Asia Without Outlines Minefield
2
Find the US States - No Outlines Minefield
3
Pick 6: Fruits
4
The Countries of the World
5
Alphabetical 'K' Countries by Flag Minefield
6
Find the Countries of Europe - No Outlines Minefield
7
US States
8
Find the US States
More Literature Quizzes
Commonest Words in Harry Potter
Published
Trending Quizzes
Pick 6: Mountains
Pick 6: Harry Potter
Pick 6: Flags
Pick 6: NFL Teams
Pick 6: Movie Franchises
Recently Updated
Adaptations: Name the Title
pecheneg
NWSL Teams
pecheneg
Women's Final Four Teams by Year
bhenderson79
Presidents Quartet II
eogle
Anything But Clue(do)
eogle
Anything But Oceanian Capitals
eogle
Anything But 7
eogle
Anything But Thing
eogle
Word Ladder: February 29
pecheneg
Song Title Questions
pecheneg
Trending Topics
Harry Potter
NBA
Crossword
Kpop
Anime
Disney
Marvel
Soccer
Puzzle
The Office
WWE
Song
Country
NFL
Pokémon
Your Account Isn't Verified!
In order to create a playlist on Sporcle, you need to verify the email address you used during registration. Go to your
Sporcle Settings
to finish the process.
Report this User
Report this user for behavior that violates our
Community Guidelines
.
Details:
Send Report
Go to the Sporcle.com Mobile Site →
Comments